Personnages de notre enfance - Statistiques

Statistiques générales
  • Ce quiz a été pris 49 fois
  • Le résultat moyen est 9 sur 16
Statistiques - réponses
Par images Réponse % Correct
Stitch
98%
Belle
93%
Titeuf
88%
Woody
88%
Gargamel
86%
Asterix
76%
Charlotte aux fraises
67%
Bugs Bunny
60%
la Schtroumpfette
60%
Martin
60%
Sharko
52%
Marie
50%
Vanellope
36%
Maestro
17%
Peur (Furby)
0%
Sherwood
0%
Aucun quiz correspondant
Distribution des résultats
% des personnes avec chaque résultat
Percentile par nombre de réponses
Votre historique - résultats
Vous n’avez pas pris ce quiz